¡PECA!: (Record no. 1901)
[ view plain ]
| 000 -LEADER | |
|---|---|
| campo de control de longitud fija | 00759nam a2200133 4500 |
| 008 - DATOS DE LONGITUD FIJA--INFORMACIÓN GENERAL | |
| campo de control de longitud fija | 759.972.8 P364p |
| 082 ## - NÚMERO DE LA CLASIFICACIÓN DECIMAL DEWEY | |
| Número de clasificación | 759.972.8 |
| Número de ítem | P364p |
| 100 ## - ENTRADA PRINCIPAL--NOMBRE DE PERSONA | |
| Nombre de persona | EspIRA / La ESPORA |
| 9 (RLIN) | 7310 |
| 245 ## - MENCIÓN DEL TÍTULO | |
| Título | ¡PECA!: |
| Resto del título | Pintura Emergente ce Centro América |
| 260 ## - PUBLICACIÓN, DISTRIBUCIÓN, ETC. | |
| Lugar de publicación, distribución, etc. | Nicaragua |
| Nombre del editor, distribuidor, etc. | EspIRA / La ESPORA |
| Fecha de publicación, distribución, etc. | 2008 |
| 300 ## - DESCRIPCIÓN FÍSICA | |
| Extensión | 80 p. |
| Otras características físicas | il. (col) |
| Dimensiones | 19,5 x 23,5 cm |
| 505 ## - NOTA DE CONTENIDO CON FORMATO | |
| Título | Introducción |
| Mención de responsabilidad | Patricia Belli |
| Título | Proyecto de exposición. Egresados del taller de pintura Fase. Costa Rica, C.A. |
| Mención de responsabilidad | Javier Calvo |
| Título | El juego del espíritu: Fernando Alemán |
| Mención de responsabilidad | Fernando Alemán Malespín |
| Título | El ser espectador centroamericano |
| Mención de responsabilidad | Alejandro Flores |
| Título | La yegua blanca: Reflexión en dos dimensiones |
| Mención de responsabilidad | Darwin Andino |
| 650 ## - PUNTO DE ACCESO ADICIONAL DE MATERIA--TÉRMINO DE MATERIA | |
| Subdivisión general | arte contemporáneo |
| -- | arte - pintura |
| -- | pintura - Centroamérica |
| -- | pintura centroamericana |
| 9 (RLIN) | 7311 |
| Estatus retirado | Estado de pérdida | Fuente del sistema de clasificación o colocación | Estado de daño | No para préstamo | Biblioteca de origen | Biblioteca actual | Ubicación en estantería | Fecha de adquisición | Total de préstamos | Signatura topográfica completa | Código de barras | Visto por última vez | Precio de reemplazo | Tipo de ítem Koha |
|---|---|---|---|---|---|---|---|---|---|---|---|---|---|---|
| Clasificación Decimal Dewey | Biblioteca LadoV | Biblioteca LadoV | 06/03/2020 | 759.972.8 P364p | 004866 | 06/03/2020 | 06/03/2020 | Material 01 |
